Statistics for Best Selling Albums and Singles of 2014

Click here to take the quiz!

General Stats

  • This quiz has been taken 840 times
    (321 since last reset)
  • The average score is 12 of 38

Answer Stats

Sold (m)ArtistAnswer% Correct
14.1Pharrell WilliamsHappy
81%
8.6John LegendAll of Me
73%
4.6Taylor Swift1989
70%
6.7Meghan TrainorAll About That Bass
68%
3.5Ed SheeranX
59%
6.2Sam SmithStay With Me
57%
6.0Taylor SwiftShake It Off
56%
4.2Iggy AzaleaFancy
52%
4.3SiaChandelier
51%
4.4OneRepublicCounting Stars
48%
5.2Ariana GrandeProblem
46%
6.5Katy PerryDark Horse
43%
6.1Clean BanditRather Be
43%
5.2PitbullTimber
37%
5.2Nico & VinzAm I Wrong
34%
4.4Calvin HarrisSummer
34%
3.9Jessie JBang Bang
33%
2.3BeyoncéBeyoncé
30%
1.9One DirectionFour
30%
1.6Katy PerryPrism
30%
1.7One DirectionMidnight Memories
29%
4.8Mr. ProbzWaves
29%
1.8LordePure Heroine
27%
3.9Jason DeruloTalk Dirty
23%
2.9Sam SmithIn The Lonely Hour
19%
1.9Pharrell WiliamsG I R L
16%
3.9ColdplayA Sky Full of Stars
15%
3.0ColdplayGhost Stories
14%
1.35 Seconds of Summer5 Seconds of Summer
13%
3.7Lilly Wood & The PrickPrayer in C
11%
1.5Imagine DragonsNight Visions
9%
1.4EminemThe Marshall Mathers LP2
8%
1.5Michael JacksonXscape
8%
1.4StromaeRacine Carrée
3%
1.5AC/DCRock or Bust
2%
1.7Pink FloydThe Endless River
2%
1.4Barbra StreisandPartners
1%
5.3Magic!Rube
0%

Score Distribution

Percentile by Number Answered

Percent of People with Each Score

Your Score History

You have not taken this quiz since the last reset